000 00639cam a2200193 4500
001 42706
090 _a42706
100 _a19950512d1951 k a0pory5003 ba
101 1 _apor
102 _aUS
200 1 _aManual de conservacão do solo
_f[ed.] William X. Hull
_gtrad. Hilgard O' Reilly Sternberg
210 9 _aWashington, D.C.
_cSec. Agricultura dos E.U.A., Servi—co de Conserva—cão do Solo,
_dimp. 1951
215 _aVII, 307 p.
_cil., tab., mapa
_d26 cm
225 2 _aPublicacão TC
_v284
675 _a631.4
_vmed
_zfre
700 0 1 _aHull,
_bWilliam X.
702 1 _aSternberg,
_bHilgard O'Reilly,
_f1890-
_4730
801 0 _aPT
_bBN
_gRPC
990 _cLIVROS